| 000 | 01256nam a2200337 c 4500 | ||
|---|---|---|---|
| 999 |
_c196643 _d196643 |
||
| 003 | BLK | ||
| 005 | 20240410153605.0 | ||
| 008 | 180411b bul|||||r ||||||| ||bul|| | ||
| 010 | _aKNG00205916000 | ||
| 040 | _aBLK | ||
| 041 |
_aBUL _cBUL |
||
| 080 |
_aЯпонска литература _b821.521 _x-94 _z821.521-94 |
||
| 100 | 1 |
_aСей Шонагон _eпърви автор _9119420 |
|
| 139 |
_aСей Шонагон _bС 30 |
||
| 245 | 1 | 0 |
_aЗаписки под възглавката _bРоман _cСей Шонагон; прев. от старояпон. Цветана Кръстева. |
| 257 | _aJAP | ||
| 260 |
_aСофия _bНар. култура _c1985 |
||
| 300 |
_a367 с. _c21 см |
||
| 380 | _aX | ||
| 490 |
_aБиблиотека Лотос _9204738 |
||
| 500 | _aОриг. загл. на япон. ез. - 25 125 тир. | ||
| 700 | 1 |
_aКръстева, Цветана _eпрев. от старояпон. _9376224 |
|
| 852 | _aЦб 136870 | ||
| 856 | 4 |
_qpdf _i0.00 _ldisable |
|
| 856 | 4 |
_qpdf _i0.00 _ldisable |
|
| 942 |
_cKNG _n0 _03 _s1 |
||
| 944 |
_aCR _c09.05.2017 _lЦветелина Шанова _k30531 |
||
| 944 |
_aED _c15.05.2017 _lф / _kЛюдмила_Стоянова |
||
| 999 | _d196643 | ||
| 999 | _d196643 | ||